000 00496nam a22001697a 4500
010 _aENG-144889
020 _a9781482872842
_c350.00
035 _aEN-128421
037 _bDBAD
082 _a322.509547
100 _aSharma Yoginder
_981218
245 _aMusings of A Military Maverick/
_cYoginder Sharma
260 _c2016
_aIndia
_bPartridge India
270 _bIndia
_mindia@partridgepublishing.com
300 _axix;121p.
_c23cm(PB)
942 _2ddc
_cEN
_h322.509547
_mSHA
999 _c211299
_d211299